The ministry and message of Paul (Record no. 1452)

MARC details
000 -LEADER
fixed length control field 00743cam a2200241 4500
001 - CONTROL NUMBER
control field 2251552
003 - CONTROL NUMBER IDENTIFIER
control field GBCCL
005 - DATE AND TIME OF LATEST TRANSACTION
control field 20241126110401.0
008 - FIXED-LENGTH DATA ELEMENTS--GENERAL INFORMATION
fixed length control field 711004s1971 miu b 001 0beng
010 ## -
-- 77159661
040 ## - CATALOGING SOURCE
Original cataloging agency DLC
Transcribing agency DLC
Modifying agency DLC
050 00 -
-- BS2506
-- .L598
082 00 - DEWEY DECIMAL CLASSIFICATION NUMBER
Classification number 225.92
-- B
Item number LON
100 1# - MAIN ENTRY--PERSONAL NAME
Personal name Longenecker, Richard N.
9 (RLIN) 2888
245 14 - TITLE STATEMENT
Title The ministry and message of Paul
Statement of responsibility, etc. [by] Richard Longenecker.
260 ## - PUBLICATION, DISTRIBUTION, ETC.
Place of publication, distribution, etc. Grand Rapids, Mich.,
Name of publisher, distributor, etc. Zondervan Pub. House
Date of publication, distribution, etc. [1971]
300 ## - PHYSICAL DESCRIPTION
Extent 130 p.
Dimensions 21 cm.
490 0# - SERIES STATEMENT
Series statement Contemporary evangelical perspectives
504 ## - BIBLIOGRAPHY, ETC. NOTE
Bibliography, etc. note Bibliography: p. 113-122.
600 00 - SUBJECT ADDED ENTRY--PERSONAL NAME
Personal name Paul,
Titles and other words associated with a name the Apostle, Saint.
9 (RLIN) 1848
906 ## - LOCAL DATA ELEMENT F, LDF (RLIN)
a 7
b cbc
c orignew
d 2
e ncip
f 19
g y-gencatlg
942 ## - ADDED ENTRY ELEMENTS (KOHA)
Source of classification or shelving scheme Dewey Decimal Classification
Koha item type Books
Koha issues (borrowed), all copies 17
Holdings
Withdrawn status Lost status Source of classification or shelving scheme Damaged status Not for loan Home library Current Library Shelving location Date acquired Total checkouts Total renewals Full call number Barcode Date last seen Date last checked out Copy number Price effective from Koha item type
    Dewey Decimal Classification     GRACE BIBLE COLLEGE GRACE BIBLE COLLEGE Biblical Studies 2017-05-01 21 3 225.92 LON 003154 2026-03-02 2026-02-27 c.1 2017-05-01 Books
© Grace Bible College Library 2025